Powiaty w Polsce na literę T - Statystyki

Ogólne statystyki
  • Ten quiz został rozwiązany 62 razy
    54 od ostatniego zresetowania
  • Średni wynik to 13 z 15
Statystyki odpowiedzi
Odpowiedź % Poprawnych
Tarnów
100%
tarnowski
100%
Toruń
96%
toruński
96%
Tychy
90%
tomaszowski /Tomaszów lubelski
88%
Tomaszowski /Tomaszów mazowiecki
88%
tczewski
87%
tarnobrzeski
83%
tatrzański
79%
trzebnicki
77%
tucholski
77%
Tarnobrzeg
73%
tarnogórski
73%
turecki
73%
Nie znaleziono quizów pasujących do podanych kryteriów
Rozkład punktacji
Procent ludzi z każdym wynikiem
Percentyl według liczby udzielonych odpowiedzi
Twoja historia wyników
Nie rozwiązałeś tego quizu od ostatniego zresetowania